000 00486nam a2200181Ia 4500
999 _c29349
_d29349
003 OSt
005 20201119115351.0
008 190216s9999||||xx |||||||||||||| ||und||
020 _a9788126401710
040 _coclc
082 _a894.8123
_bSAR/A
100 _aSaramago, Jose
_96771
245 0 _aAndhata /
_cJose Saramago
260 _bDc Books,
_aKottayam:
_c2000.
300 _a567p
650 _aNovel
942 _cBK
_2ddc
_h894.8123
_iSAR/A
_k894.8123
_mSAR/A